Statistics for Once Upon A Time Season 5 Trivia

Click here to take the quiz!

General Stats

  • This quiz has been taken 662 times
  • The average score is 5 of 11

Answer Stats

EpisodeQuestionAnswer% Correct
The Dark SwanWho is revealed to be the new dark one?Emma
99%
The PriceA royal ball is thrown to welcome to heroes where?Camelot
83%
Broken HeartIn a Camelot flashback who is revealed to be the second dark one?Hook
70%
The Broken KingdomIn a Camelot flashback, Guinevere sets out on a quest with who?Lancelot
65%
The Bear KingWho does Merida discover murdered her father?Arthur
52%
DreamcatcherEmma uses a dreamcatcher to see how Merlin was turned into what?A tree
51%
The Bear and the BowWho does Emma command Merida to kill?Belle
40%
BirthWho helps tether Merlin to Excalibur?Zelena
29%
Siege PerilousDavid and Arthur go on a journey to retrieve what magical relic?Crimson Crown
14%
NimueMerlin and Emma embark on a journey to retreive what to make Excalinur whole?The sacred spark
3%
Swan SongThe resurrected dark ones plan to sacrifice what in order to return to the land of the living?A living soul
1%

Score Distribution

Percentile by Number Answered

Percent of People with Each Score

Your Score History

You have not taken this quiz